<?xml version="1.0" encoding="UTF-8"?>
<record
    xmlns:xsi="http://www.w3.org/2001/XMLSchema-instance"
    xsi:schemaLocation="http://www.loc.gov/MARC21/slim http://www.loc.gov/standards/marcxml/schema/MARC21slim.xsd"
    xmlns="http://www.loc.gov/MARC21/slim">

  <leader>00878na  a2200253   4500</leader>
  <controlfield tag="001">19852</controlfield>
  <controlfield tag="003">MIRAKIL</controlfield>
  <controlfield tag="005">20181213154924.0</controlfield>
  <controlfield tag="008">161227b        tu            000 0      </controlfield>
  <datafield tag="020" ind1=" " ind2=" ">
    <subfield code="a">9759559129</subfield>
  </datafield>
  <datafield tag="040" ind1=" " ind2=" ">
    <subfield code="a">Milas</subfield>
    <subfield code="b">tur</subfield>
    <subfield code="c">TR-AnCHP</subfield>
  </datafield>
  <datafield tag="041" ind1=" " ind2=" ">
    <subfield code="a">tur</subfield>
  </datafield>
  <datafield tag="082" ind1=" " ind2=" ">
    <subfield code="a">341.2</subfield>
    <subfield code="b">Y86a 2002</subfield>
  </datafield>
  <datafield tag="090" ind1=" " ind2=" ">
    <subfield code="a">341.2 Y86a 2002</subfield>
  </datafield>
  <datafield tag="100" ind1=" " ind2=" ">
    <subfield code="a">Yurtta&#x15F;, &#x15E;&#xFC;kr&#xFC;</subfield>
  </datafield>
  <datafield tag="245" ind1=" " ind2=" ">
    <subfield code="a">Avrupa Toplulu&#x11F;u hukuku</subfield>
    <subfield code="b">ferdin Avrupa &#x130;nsan Haklar&#x131; Mahkemesi'ne ba&#x15F;vurma hakk&#x131;n&#x131; kullanma &#x15F;ekli ve duru&#x15F;ma usul&#xFC;</subfield>
    <subfield code="c">&#x15E;&#xFC;kr&#xFC; Yurtta&#x15F;</subfield>
  </datafield>
  <datafield tag="246" ind1=" " ind2=" ">
    <subfield code="a">ferdin Avrupa &#x130;nsan Haklar&#x131; Mahkemesi'ne ba&#x15F;vurma hakk&#x131;n&#x131; kullanma &#x15F;ekli ve duru&#x15F;ma usul&#xFC;</subfield>
  </datafield>
  <datafield tag="250" ind1=" " ind2=" ">
    <subfield code="a">2. bs.</subfield>
  </datafield>
  <datafield tag="260" ind1=" " ind2=" ">
    <subfield code="a">&#x130;stanbul</subfield>
    <subfield code="b">[yayl.y.]</subfield>
    <subfield code="c">2002</subfield>
  </datafield>
  <datafield tag="300" ind1=" " ind2=" ">
    <subfield code="a">188+26 s.</subfield>
    <subfield code="c">20 sm.</subfield>
  </datafield>
  <datafield tag="610" ind1=" " ind2=" ">
    <subfield code="a">Avrupa &#x130;nsan Haklar&#x131; Mahkemesi (A&#x130;HM)</subfield>
    <subfield code="b">Ba&#x15F;vurma hakk&#x131;</subfield>
  </datafield>
  <datafield tag="650" ind1=" " ind2=" ">
    <subfield code="a">Uluslararas&#x131; hukuk</subfield>
    <subfield code="x">Mahkemeler</subfield>
  </datafield>
  <datafield tag="942" ind1=" " ind2=" ">
    <subfield code="2">dcc</subfield>
    <subfield code="c">BKS</subfield>
  </datafield>
  <datafield tag="952" ind1=" " ind2=" ">
    <subfield code="a">0001</subfield>
    <subfield code="b">0001</subfield>
    <subfield code="d">2016-12-27</subfield>
    <subfield code="e">2</subfield>
    <subfield code="l">0</subfield>
    <subfield code="o">341.2 Y86a 2002</subfield>
    <subfield code="p">010329</subfield>
    <subfield code="r">2016-12-27 00:00:00</subfield>
    <subfield code="v">0.00</subfield>
    <subfield code="w">2016-12-27</subfield>
    <subfield code="y">BKS</subfield>
  </datafield>
  <datafield tag="999" ind1=" " ind2=" ">
    <subfield code="c">3202</subfield>
    <subfield code="d">3202</subfield>
  </datafield>
</record>
